LEADER 01490nam a2200349 u 4500 001 000000043260 003 CaOOAMICUS 005 20070226114422.0 008 990323s1972 it u000 u ita u 020 $a8815003525 035 $a10817897 040 $aPUL(R)$bita$dMSA 041 1 $aita$hger 100 1 $aKoselleck, Reinhart,$d1923-$0(OLS)http://pul/name/24217 240 10$aKritik und Krise : ein Beitrag zur Pathogenese der bürgerlichen Welt.$lItaliano.$0(OLS)http://pul/title/58327 245 10$aCritica illuminista e crisi della società borghese /$cReinhart Koselleck. 260 $aBologna :$bIl Mulino,$cc1972. 300 $axxii, 281 p. ;$c20 cm 490 1 $aSaggi ;$v163 500 $aContiene indici. 504 $aInclude bibliografia. 650 4$aIlluminismo.$0(OLS)http://pul/subject/1898 650 4$aPolitica$xTeorie$ySec. XVIII.$0(OLS)http://pul/subject/19059 651 4$aEuropa$xPolitica e governo.$0(OLS)http://pul/subject/19001 830 0$aSaggi (Il Mulino) ;$v163.$0(OLS)http://pul/title/7843 850 $aPUL 852 $aPUL$W1$xDP1 Cons. Gen., Altre Classi 1$y22$m44 F 24$j58318$nBK-PRI$b $qStampati$B58318$CPULBib$Z2$F58318 $H $81 941 1 $a8 961 $aINV: 49051 996 $6020$a8815003525$9(OLS)http://pul/number/53943 996 $6245$aCritica illuminista e crisi della società borghese$9(OLS)http://pul/title/58328 996 $6260$aBologna :$bIl Mulino$9(OLS)http://pul/publisher/47928 LEADER 01584nam a2200325 u 4500 001 000000072864 003 CaOOAMICUS 005 20070226122304.0 008 020624s1885 gw u000 u ger u 035 $a10934496 040 $aPUL(R)$bita 100 1 $aKappeyne van de Coppello, J.$0(OLS)http://pul/name/48227 245 10$aAbhandlungen zum Römischen Staats-und Privatrecht /$cvon J. Kappeyne van de Coppello ... ; mit vorwort von dr. Max Conrat .. 260 $aStuttgart :$bJ.B. Metzlerschen Buchhandlung,$c1885. 300 $a2 v. ;$c23 cm 504 $aBibliografia in nota. 505 0 $av. 1. Betrachtungen über die Comitien -- v. 2. Über das vim facere beim interdictum uti possidetis. Über constituta pecunia. 650 4$aDiritto privato.$0(OLS)http://pul/subject/2286 650 4$aDiritto romano.$0(OLS)http://pul/subject/382 700 1 $aCohn, Max Conrat,$d1848-1911.$0(OLS)http://pul/name/10609 850 $aPUL 852 $aPUL$W1$xDP1 Antico 800$y27$m827 G 20-21$j94235$nBK-PRI$b $qStampati Antico$B94235$CPULBib$Z2$F94235 $H $81 852 $aPUL$W1$xDP1 Antico 800$y27$m827 G 20-21$j94235$nBK-PRI$b $qStampati Antico$B94236$CPULBib$Z2$F94236 $H $81 941 1 $a15 960 $aRoman law$9382 960 $aRoman law$9382 961 $aINV: 4046-4047 961 $aINV: 4046-4047 996 $6245$aAbhandlungen zum Römischen Staats-und Privatrecht$9(OLS)http://pul/title/95830 996 $6260$aStuttgart :$bJ.B. Metzlerschen Buchhandlung$9(OLS)http://pul/publisher/74143